WHO technical report series; N.818 Fifteenth report of the WHO expert committee on vector biology and control,Vector resistance to pesticides

Đã lưu trong:
Bibliografiske detaljer
Hovedforfatter: OMS
Format: Bog
Sprog:Undetermined
Udgivet: Geneva OMS 1992
Fag:
Tags: Tilføj Tag
Ingen Tags, Vær først til at tagge denne postø!
Thư viện lưu trữ: Trung tâm Học liệu Trường Đại học Cần Thơ
LEADER 00614nam a2200193Ia 4500
001 CTU_7107
008 210402s9999 xx 000 0 und d
082 |a 614 
082 |b T255/N.818 
100 |a OMS 
245 0 |a WHO technical report series; N.818 
245 0 |b Fifteenth report of the WHO expert committee on vector biology and control,Vector resistance to pesticides 
245 0 |c OMS 
260 |a Geneva 
260 |b OMS 
260 |c 1992 
650 |a disease vectors,insecticide resistance 
904 |i Nguyễn Quang Điền, 960902 
980 |a Trung tâm Học liệu Trường Đại học Cần Thơ